LIBRARY ONLINE CATALOGUE

Power and Responsibility in Education (Record no. 17716)

MARC details
000 -LEADER
fixed length control field 00317nam a22001217a 4500
008 - FIXED-LENGTH DATA ELEMENTS--GENERAL INFORMATION
fixed length control field 190531b xxu||||| |||| 00| 0 eng d
020 ## - INTERNATIONAL STANDARD BOOK NUMBER
International Standard Book Number 030432891x
050 ## - LIBRARY OF CONGRESS CALL NUMBER
Classification number LC71
Item number .P65 1997 c.1
245 ## - TITLE STATEMENT
Title Power and Responsibility in Education
260 ## - PUBLICATION, DISTRIBUTION, ETC. (IMPRINT)
Place of publication, distribution, etc. London
Name of publisher, distributor, etc. Cassell
Date of publication, distribution, etc. 1997
300 ## - PHYSICAL DESCRIPTION
Extent xxvi, 342p.
942 ## - ADDED ENTRY ELEMENTS (KOHA)
Source of classification or shelving scheme Library of Congress Classification
Koha item type General Collection
Holdings
Withdrawn status Lost status Source of classification or shelving scheme Not for loan Home library Current library Date acquired Cost, normal purchase price Total Checkouts Full call number Barcode Date last seen Price effective from Koha item type
    Library of Congress Classification   Kabarak, Main Campus Kabarak, Main Campus 31/05/2019 4950.00   LC71 .P65 1997 c.1 022225 31/05/2019 31/05/2019 General Collection